[Event "7th Parsvnath International Open Chess T"]
[Site "New Delhi India"]
[Date "2009.01.12"]
[Round "3"]
[White "Babu M R, Lalith"]
[Black "T, Purushothaman"]
[Result "1-0"]
[WhiteElo "2477"]
[BlackElo "2267"]
[PlyCount "95"]
[EventDate "2009.01.11"]
[Source "MonRoi"]

1. Nf3 Nf6 2. c4 g6 3. Nc3 d5 4. Qa4+ Bd7 5. Qb3 dxc4 6. Qxc4 a6 7. d4 b5 8.
Qb3 c5 9. dxc5 Bg7 10. e4 Bc6 11. e5 Nfd7 12. e6 Nxc5 13. exf7+ Kf8 14. Qb4
Bxf3 15. gxf3 Bd4 16. Ne4 Nc6 17. Qd2 Nxe4 18. fxe4 Bf6 19. Bg2 Ne5 20. O-O
Qxd2 21. Bxd2 Nc4 22. e5 Rd8 23. exf6 Rxd2 24. Rfe1 Kxf7 25. b3 Na3 26. Rxe7+
Kxf6 27. Ra7 Rd6 28. Rc1 Rhd8 29. Bf3 h5 30. Kg2 b4 31. Be2 Nb5 32. Bxb5 axb5
33. Rb7 Ra6 34. Rxb5 Rd2 35. Rxb4 Raxa2 36. Rc6+ Kg7 37. Rf4 h4 38. b4 Rab2 39.
h3 g5 40. Rf5 Rxb4 41. Rxg5+ Kf7 42. Rg4 Rxg4+ 43. hxg4 Kg7 44. Rc5 Kg6 45. Rh5
Rd1 46. f3 Rd2+ 47. Kh3 Rd1 48. Kxh4 1-0

[Event "7th Parsvnath International Open Chess T"]
[Site "New Delhi India"]
[Date "2009.01.12"]
[Round "3"]
[White "Upadhyaya, Anwesh"]
[Black "Justin, Sarkar"]
[Result "1/2-1/2"]
[WhiteElo "2269"]
[BlackElo "2455"]
[PlyCount "81"]
[EventDate "2009.01.11"]
[Source "MonRoi"]

1. e4 g6 2. d4 Bg7 3. Nc3 d6 4. Nf3 a6 5. a4 b6 6. Bc4 e6 7. Bf4 Bb7 8. Qd2 Nd7
9. O-O h6 10. Rad1 g5 11. Be3 Ne7 12. Ne1 c5 13. f4 gxf4 14. Rxf4 cxd4 15. Bxd4
Bxd4+ 16. Qxd4 Ng6 17. Rxf7 Kxf7 18. Bxe6+ Kxe6 19. Qxd6+ Kf7 20. Qxd7+ Qxd7
21. Rxd7+ Ke6 22. Rxb7 Rab8 23. Ra7 Ra8 24. Rg7 Rhg8 25. Rh7 Rh8 26. Rb7 Rab8
27. Ra7 Ra8 28. Rxa8 Rxa8 29. Nd3 Rf8 30. Nd5 Ne5 31. Nxb6 Nxd3 32. cxd3 Rf7
33. b4 Ke5 34. Nd5 Kd4 35. b5 axb5 36. axb5 Kxd3 37. e5 Rf5 38. Nf6 Rxe5 39. b6
Rb5 40. Nd7 Ke2 41. h4 1/2-1/2

[Event "7th Parsvnath International Open Chess T"]
[Site "New Delhi India"]
[Date "2009.01.12"]
[Round "3"]
[White "Santosh Gujrathi, Vidit"]
[Black "Prasanna, Vishnu"]
[Result "1-0"]
[WhiteElo "2447"]
[BlackElo "2266"]
[PlyCount "89"]
[EventDate "2009.01.11"]
[Source "MonRoi"]

1. d4 d5 2. Nf3 Nf6 3. c4 c6 4. e3 e6 5. Nc3 Nbd7 6. Qc2 Bd6 7. e4 dxe4 8. Nxe4
Nxe4 9. Qxe4 Bb4+ 10. Bd2 Bxd2+ 11. Nxd2 O-O 12. O-O-O Qc7 13. Bd3 Nf6 14. Qh4
c5 15. dxc5 Qxc5 16. Rhe1 h6 17. Bc2 a5 18. Ne4 Nxe4 19. Qxe4 f5 20. Qd4 Qxd4
21. Rxd4 Kf7 22. Re5 Kf6 23. Rb5 Rf7 24. Rd6 Rc7 25. Rdb6 Ke7 26. Bd3 Ra7 27.
Re5 Bd7 28. c5 g6 29. Bc4 Kf6 30. f4 Rc6 31. Bb5 g5 32. g3 gxf4 33. gxf4 Rc7
34. Bxd7 Rxd7 35. Rbxe6+ Kf7 36. Rxh6 Rd4 37. Rxf5+ Kg7 38. Rb6 a4 39. a3 Ra8
40. Rxb7+ Kg6 41. Rg5+ Kf6 42. Rb6+ Kf7 43. Rb4 Rd3 44. c6 Rc8 45. Rc5 1-0

[Event "7th Parsvnath International Open Chess T"]
[Site "New Delhi India"]
[Date "2009.01.12"]
[Round "3"]
[White "Mukherjee, Arindam"]
[Black "Chowdhury Saptarshi, Roy"]
[Result "1/2-1/2"]
[WhiteElo "2259"]
[BlackElo "2444"]
[PlyCount "29"]
[EventDate "2009.01.11"]
[Source "MonRoi"]

1. d4 d5 2. c4 e6 3. Nc3 Nf6 4. Bg5 Be7 5. e3 h6 6. Bh4 O-O 7. Nf3 Ne4 8. Bxe7
Qxe7 9. Rc1 c6 10. Bd3 Nxc3 11. Rxc3 dxc4 12. Bxc4 Nd7 13. O-O b6 14. Qb3 Bb7
15. Be2 1/2-1/2

[Event "7th Parsvnath International Open Chess T"]
[Site "New Delhi India"]
[Date "2009.01.12"]
[Round "3"]
[White "Gurpreet Pal, Singh"]
[Black "K, Rathnakaran"]
[Result "1/2-1/2"]
[WhiteElo "2258"]
[BlackElo "2431"]
[PlyCount "50"]
[EventDate "2009.01.11"]
[Source "MonRoi"]

1. e4 e6 2. d4 d5 3. Nc3 Nf6 4. Bg5 Be7 5. e5 Nfd7 6. Bxe7 Qxe7 7. f4 a6 8. Nf3
c5 9. Qd2 b5 10. dxc5 Nxc5 11. Bd3 Bb7 12. O-O Nbd7 13. Ne2 f5 14. exf6 Nxf6
15. Ned4 O-O 16. Qe1 Rae8 17. Qh4 Nce4 18. a3 Qc5 19. Kh1 Qb6 20. Rad1 g6 21.
c3 Qc7 22. Rde1 Nh5 23. g3 Rf6 24. Ne5 Qg7 25. Kg1 Nd2 1/2-1/2

[Event "7th Parsvnath International Open Chess T"]
[Site "New Delhi India"]
[Date "2009.01.12"]
[Round "3"]
[White "Niaz, Murshed"]
[Black "Das, Abhishek"]
[Result "1/2-1/2"]
[WhiteElo "2429"]
[BlackElo "2251"]
[PlyCount "65"]
[EventDate "2009.01.11"]
[Source "MonRoi"]

1. Nf3 d5 2. c4 e6 3. d4 Nf6 4. Nc3 Be7 5. Bg5 O-O 6. e3 h6 7. Bh4 Ne4 8. Bxe7
Qxe7 9. cxd5 Nxc3 10. bxc3 exd5 11. Bd3 c5 12. O-O Nc6 13. h3 c4 14. Bc2 b5 15.
Re1 f5 16. a3 a5 17. Qd2 Bd7 18. Reb1 Rab8 19. Bd1 Qd6 20. g3 g5 21. Bc2 f4 22.
exf4 Bxh3 23. Ne5 gxf4 24. gxf4 Bf5 25. Kh2 Kh7 26. Rg1 Ne7 27. Rg3 Rg8 28. Re1
Qf6 29. Nd7 Qh4+ 30. Kg2 Qh3+ 31. Kf3 Qh5+ 32. Kg2 Qh3+ 33. Kf3 1/2-1/2

[Event "7th Parsvnath International Op"]
[Site "Modern School, Barakhamba Road"]
[Date "2009.01.12"]
[Round "3.21"]
[White "Jain, Shreyansh Daklia"]
[Black "Shyam, Sundar M"]
[Result "1/2-1/2"]
[WhiteElo "2250"]
[BlackElo "2426"]
[PlyCount "97"]
[EventDate "2009.01.11"]

1. e4 e5 2. Nf3 Nf6 3. d4 Nxe4 4. Bd3 d5 5. Nxe5 Nd7 6. Nxd7 Bxd7 7. O-O Bd6 8.
Nc3 Nxc3 9. bxc3 O-O 10. Qh5 f5 11. Re1 Qf6 12. Bg5 Qf7 13. Qxf7+ Kxf7 14. Rab1
Rfe8 15. Kf1 Rxe1+ 16. Kxe1 b5 17. Kf1 f4 18. f3 h6 19. Bh4 g5 20. Bf2 a6 21.
Re1 h5 22. g3 Bh3+ 23. Kg1 Kf6 24. gxf4 Bxf4 25. Bg3 Bd2 26. Re5 h4 27. Be1 Bf4
28. Re2 Rg8 29. Bd2 Bd6 30. Rf2 c5 31. Bf1 Bf5 32. Be3 c4 33. Rg2 Rg7 34. Bc1
Bf4 35. Bxf4 gxf4 36. Rxg7 Kxg7 37. Kf2 Kf6 38. Ke1 Bxc2 39. Bh3 Ke7 40. Bc8 a5
41. a3 Kd6 42. Bh3 Bg6 43. Bf1 Kc6 44. Kd2 Bf5 45. Be2 Kb6 46. Bd1 Bd3 47. Bc2
b4 48. Bxd3 cxd3 49. a4 1/2-1/2

[Event "7th Parsvnath International Op"]
[Site "Modern School, Barakhamba Road"]
[Date "2009.01.12"]
[Round "3.22"]
[White "Thejkumar, M  S."]
[Black "Matta, Vinay Kumar"]
[Result "0-1"]
[WhiteElo "2424"]
[BlackElo "2246"]
[PlyCount "122"]
[EventDate "2009.01.11"]

1. d4 Nf6 2. Nf3 g6 3. Bg5 Bg7 4. c3 O-O 5. Nbd2 d6 6. e4 Nbd7 7. Bd3 c5 8. O-O
h6 9. Bh4 g5 10. Bg3 Nh5 11. d5 Nxg3 12. hxg3 e6 13. Nc4 Nb6 14. Nxb6 Qxb6 15.
Qc2 exd5 16. exd5 Bd7 17. Nd2 Rae8 18. Rae1 Rxe1 19. Rxe1 Re8 20. Rxe8+ Bxe8
21. Nc4 Qd8 22. Qe2 Kf8 23. Ne3 Bd7 24. Bf5 Be8 25. Bd3 Bd7 26. Bb5 Bc8 27. Ba4
Qe7 28. Kf1 Qe5 29. Qb5 Qe7 30. Qa5 b6 31. Qb5 Be5 32. Qe2 Bf6 33. Bc2 Qe8 34.
a4 Bg7 35. Qb5 Qxb5+ 36. axb5 Ke7 37. Bf5 Bb7 38. f4 Bf8 39. Kf2 Kf6 40. Bd7 h5
41. fxg5+ Kxg5 42. Kf3 Bg7 43. Ke4 Be5 44. Nf5 Kf6 45. b3 Bxc3 46. Bc6 Bc8 47.
Nxd6 Bg4 48. Nc4 Bd1 49. d6 Bxb3 50. Kd3 Be1 51. Ne3 Bxg3 52. d7 Bc7 53. Nd5+
Bxd5 54. Bxd5 Ke7 55. Bf3 h4 56. Bg4 Kd6 57. Ke4 Bd8 58. Bh5 Ke6 59. Bg4+ Kd6
60. Kd3 Ke5 61. Bf3 f5 0-1

[Event "7th Parsvnath International Op"]
[Site "Modern School, Barakhamba Road"]
[Date "2009.01.12"]
[Round "3.23"]
[White "Mehar, Chinna Reddy C H"]
[Black "Sethuraman, S P."]
[Result "0-1"]
[WhiteElo "2246"]
[BlackElo "2415"]
[PlyCount "104"]
[EventDate "2009.01.11"]

1. e4 c5 2. Nf3 d6 3. d4 cxd4 4. Qxd4 a6 5. c4 Nc6 6. Qe3 g6 7. h3 Bg7 8. Be2
Nf6 9. O-O O-O 10. Rd1 Nd7 11. Nc3 Nc5 12. Rb1 f5 13. b4 Nxe4 14. Nxe4 fxe4 15.
Ng5 e5 16. Qxe4 Bf5 17. Qd5+ Kh8 18. Bd3 Qd7 19. Be3 Nd4 20. Bxf5 Rxf5 21. Ne4
Rd8 22. Rd2 h6 23. Re1 Qc7 24. Ng3 Rff8 25. Bxd4 exd4 26. Re6 b5 27. Rxg6 Qxc4
28. Qh5 Qc1+ 29. Qd1 Qxd1+ 30. Rxd1 Kh7 31. Re6 Rc8 32. Nh5 Be5 33. Re7+ Kg6
34. g4 Rf3 35. Re1 Kg5 36. Kg2 Rcf8 37. R1xe5+ dxe5 38. Rxe5+ Kg6 39. Re6+ Kh7
40. Re2 R3f7 41. Rd2 Rd8 42. Rd3 Rc7 43. Nf6+ Kg6 44. Ne4 Rc2 45. a3 Kf7 46.
Rf3+ Ke6 47. Nc5+ Kd5 48. Rf6 Rd6 49. Rf5+ Kc4 50. Rf4 Rd5 51. Nxa6 Kb3 52.
Nc5+ Kxa3 0-1

[Event "7th Parsvnath International Op"]
[Site "Modern School, Barakhamba Road"]
[Date "2009.01.12"]
[Round "3.24"]
[White "Saravana, Krishnan P"]
[Black "Saptarshi, Roy"]
[Result "1/2-1/2"]
[WhiteElo "2243"]
[BlackElo "2410"]
[PlyCount "75"]
[EventDate "2009.01.11"]

1. e4 e5 2. Nf3 Nc6 3. Bb5 a6 4. Ba4 Nf6 5. Bxc6 dxc6 6. d3 Bd6 7. Nbd2 Be6 8.
b3 Nd7 9. O-O Qe7 10. Nc4 Bc5 11. Bb2 f6 12. Qe2 O-O-O 13. a4 Nf8 14. c3 Ng6
15. g3 Bh3 16. Rfd1 Qe6 17. Ne3 Nf4 18. gxf4 exf4 19. Kh1 fxe3 20. d4 Qg4 21.
Rg1 Qxe4 22. Qxe3 Qf5 23. Nh4 Qd5+ 24. Qf3 Qxf3+ 25. Nxf3 Bf8 26. Rae1 g6 27.
Bc1 Bf5 28. Bf4 Kd7 29. Re3 Bd6 30. Bxd6 cxd6 31. Nd2 Rde8 32. Kg2 d5 33. Kf3
g5 34. a5 h6 35. Rge1 Rxe3+ 36. Rxe3 Bc2 37. Kg3 f5 38. Re5 1/2-1/2

[Event "7th Parsvnath International Op"]
[Site "Modern School, Barakhamba Road"]
[Date "2009.01.12"]
[Round "3.25"]
[White "Saurabh, Kherdekar"]
[Black "Himanshu, Sharma"]
[Result "1/2-1/2"]
[WhiteElo "2238"]
[BlackElo "2405"]
[PlyCount "47"]
[EventDate "2009.01.11"]

1. d4 Nf6 2. c4 e6 3. g3 Bb4+ 4. Bd2 Be7 5. Bg2 d5 6. Nf3 O-O 7. O-O dxc4 8.
Qc2 a6 9. Qxc4 Nbd7 10. Qc2 c5 11. dxc5 Bxc5 12. Nc3 Qe7 13. Rac1 Rb8 14. Ng5
b6 15. Bf4 Bd6 16. Bxd6 Qxd6 17. Rfd1 Qe7 18. Nce4 h6 19. Nxf6+ Nxf6 20. Nf3
Bb7 21. Ne5 Rbc8 22. Qb3 Bxg2 23. Kxg2 b5 24. Qf3 1/2-1/2

[Event "7th Parsvnath International Op"]
[Site "Modern School, Barakhamba Road"]
[Date "2009.01.12"]
[Round "3.26"]
[White "Das, Arghyadip"]
[Black "Mari Arul, S."]
[Result "1-0"]
[WhiteElo "2404"]
[BlackElo "2223"]
[PlyCount "69"]
[EventDate "2009.01.11"]

1. e4 e6 2. Qe2 d5 3. exd5 Qxd5 4. Nc3 Qd8 5. Nf3 c5 6. Ne5 Nf6 7. d3 Be7 8. g4
Nbd7 9. Nc4 Nb6 10. Bg2 Nfd5 11. Bd2 O-O 12. Nxb6 axb6 13. O-O Nxc3 14. Bxc3
Bf6 15. Be5 Ra4 16. f4 g5 17. c3 gxf4 18. Bxf4 e5 19. Bh6 Rxg4 20. Bxf8 Kxf8
21. Kh1 Be6 22. Bxb7 c4 23. dxc4 Rxc4 24. Rad1 Qc7 25. Bd5 Bxd5+ 26. Rxd5 Qc6
27. Qg2 Ke7 28. Rfd1 Rc5 29. Rd7+ Qxd7 30. Rxd7+ Kxd7 31. Qb7+ Rc7 32. Qxb6 Be7
33. Qb5+ Ke6 34. Qb3+ Kd7 35. Qxf7 1-0

[Event "7th Parsvnath International Op"]
[Site "Modern School, Barakhamba Road"]
[Date "2009.01.12"]
[Round "3.27"]
[White "Jaiswal, Puneet"]
[Black "Khamzin, Olzhas"]
[Result "0-1"]
[WhiteElo "2234"]
[BlackElo "2401"]
[PlyCount "134"]
[EventDate "2009.01.11"]

1. d4 Nf6 2. Nf3 e6 3. Nbd2 c5 4. e3 b6 5. Bd3 Bb7 6. c3 Be7 7. Qe2 O-O 8. e4
cxd4 9. Nxd4 d6 10. f4 Nbd7 11. O-O Qc7 12. Bc2 Rfe8 13. N2f3 g6 14. Nb5 Qb8
15. c4 a6 16. Nc3 Bf8 17. e5 dxe5 18. fxe5 Nh5 19. Be4 Ra7 20. g4 Ng7 21. Bxb7
Rxb7 22. Ne4 Rc8 23. Bf4 b5 24. cxb5 Rxb5 25. b3 Ne8 26. Rad1 Qa7+ 27. Qf2 Qb7
28. Nd6 Nxd6 29. exd6 e5 30. Be3 f6 31. Rd2 Rd5 32. Rfd1 Rxd2 33. Rxd2 Qe4 34.
h3 Rc3 35. Re2 Bxd6 36. Nd2 Qd5 37. Nc4 Bb4 38. Rb2 Rd3 39. Rb1 Bc5 40. Bxc5
Rxh3 41. Qg2 Qxc5+ 42. Kf1 Rd3 43. Ke2 Rd4 44. Rd1 e4 45. Qg1 Rd3 46. Qxc5 Nxc5
47. Rxd3 Nxd3 48. Nd6 Nc1+ 49. Kd2 Nxa2 50. Nxe4 Kf7 51. Nc5 Nb4 52. Kc3 a5 53.
Kc4 Ke7 54. Nb7 Nc6 55. Kd5 Kd7 56. Nc5+ Kc7 57. Ne6+ Kb6 58. Nf8 h5 59. gxh5
gxh5 60. Nd7+ Kb5 61. Nxf6 h4 62. Ke4 Kb4 63. Kf4 Kxb3 64. Nd7 Nd4 65. Kg4 Kb4
66. Kxh4 a4 67. Ne5 Kc3 0-1

[Event "7th Parsvnath International Op"]
[Site "Modern School, Barakhamba Road"]
[Date "2009.01.12"]
[Round "3.28"]
[White "Prakash, G B."]
[Black "Sahoo, Utkal Ranjan"]
[Result "0-1"]
[WhiteElo "2397"]
[BlackElo "2222"]
[PlyCount "98"]
[EventDate "2009.01.11"]

1. d4 Nf6 2. c4 d5 3. cxd5 Nxd5 4. e4 Nb6 5. Nc3 g6 6. h3 Bg7 7. Nf3 O-O 8. Be2
Nc6 9. Be3 f5 10. exf5 Bxf5 11. Qb3+ Kh8 12. g4 Bd7 13. Rd1 e6 14. h4 Na5 15.
Qc2 Nac4 16. Bg5 Qe8 17. h5 Bc6 18. Rh3 Bxf3 19. Bxf3 h6 20. Ne4 hxg5 21. hxg6+
Kg8 22. Nxg5 Qe7 23. Nf7 Rxf7 24. gxf7+ Qxf7 25. Bxb7 Rb8 26. Qh7+ Kf8 27. Rf3
Bf6 28. Qh1 Rxb7 29. g5 Nd5 30. gxf6 Ke8 31. Qh8+ Kd7 32. Qg7 Nd6 33. b3 Rb8
34. Ke2 Rf8 35. Rg1 Nf5 36. Qxf7+ Rxf7 37. Kd3 Rxf6 38. a3 Rh6 39. Rg4 Rh1 40.
Kc2 Kc6 41. Rd3 Rf1 42. Rd2 Nfe3+ 43. fxe3 Nxe3+ 44. Kd3 Nxg4 45. Rg2 Nf6 46.
Rg7 Rf3+ 47. Kc2 Nd5 48. Rg8 Rc3+ 49. Kb2 Rd3 0-1

[Event "7th Parsvnath International Op"]
[Site "Modern School, Barakhamba Road"]
[Date "2009.01.12"]
[Round "3.29"]
[White "Sharma, Dinesh K"]
[Black "Chatterjee, Debaraj"]
[Result "1/2-1/2"]
[WhiteElo "2394"]
[BlackElo "2218"]
[PlyCount "25"]
[EventDate "2009.01.11"]

1. e4 c5 2. Nf3 d6 3. d4 cxd4 4. Nxd4 Nf6 5. Nc3 a6 6. Bc4 e6 7. Bb3 b5 8. Qf3
Bb7 9. O-O Nbd7 10. Re1 Nc5 11. Bd5 Qb6 12. Bxb7 Qxb7 13. a3 1/2-1/2

[Event "7th Parsvnath International Op"]
[Site "Modern School, Barakhamba Road"]
[Date "2009.01.12"]
[Round "3.30"]
[White "Deshpande, Aniruddha"]
[Black "Prathamesh, Sunil Mokal"]
[Result "0-1"]
[WhiteElo "2226"]
[BlackElo "2389"]
[PlyCount "108"]
[EventDate "2009.01.11"]

1. e4 c5 2. Nf3 e6 3. d4 cxd4 4. Nxd4 a6 5. Nc3 b5 6. Bd3 d6 7. f4 Bb7 8. Qf3
Nf6 9. Be3 Nbd7 10. a3 Rc8 11. O-O Nc5 12. Rae1 Be7 13. Bf2 O-O 14. Qh3 Nfd7
15. Nf3 g6 16. Bd4 Bf6 17. e5 dxe5 18. fxe5 Bg7 19. Nd2 Qg5 20. Be4 Qxd2 21.
Be3 Qxe1 22. Rxe1 Nxe4 23. Nxe4 Bxe4 24. c3 Nxe5 25. Bd4 Bf5 26. Qh4 Nd3 27.
Bxg7 Kxg7 28. Re2 h5 29. h3 e5 30. Qe7 Rc6 31. Qb7 Rd6 32. a4 bxa4 33. Qe7 Rfd8
34. c4 R8d7 35. Qe8 Rc6 36. g4 Be6 37. gxh5 Nf4 38. h6+ Kxh6 39. Qh8+ Kg5 40.
Qxe5+ Bf5 41. Re3 Rd1+ 42. Kh2 Rd2+ 43. Kg3 Nh5+ 44. Kf3 Rxc4 45. Re2 Rf4+ 46.
Kg2 Rxe2+ 47. Qxe2 Rh4 48. Qd2+ Nf4+ 49. Kf2 Rxh3 50. Qd8+ f6 51. Qa5 Nd3+ 52.
Kg2 Rh4 53. Qxa6 Nxb2 54. Qb6 Nd3 0-1

[Event "7th Parsvnath International Op"]
[Site "Modern School, Barakhamba Road"]
[Date "2009.01.12"]
[Round "3.31"]
[White "Singh, Pritam"]
[Black "Suvrajit Saha"]
[Result "0-1"]
[WhiteElo "2224"]
[BlackElo "2368"]
[PlyCount "54"]
[EventDate "2009.01.11"]

1. c4 Nf6 2. Nc3 e5 3. e4 Nc6 4. g3 Bc5 5. Bg2 d6 6. Nge2 Be6 7. Qa4 Qd7 8. Nd5
Ng4 9. O-O O-O 10. d3 f5 11. Nec3 f4 12. gxf4 exf4 13. Bxf4 Nxf2 14. Be3 Nxd3
15. Bxc5 Nxc5 16. Qc2 Ne5 17. b3 Bh3 18. Bxh3 Qxh3 19. Qg2 Qh6 20. Ne7+ Kh8 21.
Kh1 g6 22. Rxf8+ Rxf8 23. Rf1 c6 24. b4 Ncd3 25. b5 Rxf1+ 26. Qxf1 Ng4 27. Qg1
Ndf2+ 0-1

[Event "7th Parsvnath International Op"]
[Site "Modern School, Barakhamba Road"]
[Date "2009.01.12"]
[Round "3.32"]
[White "Katalymov, Boris N"]
[Black "Ramaraju, N."]
[Result "1-0"]
[WhiteElo "2367"]
[BlackElo "2131"]
[PlyCount "48"]
[EventDate "2009.01.11"]

1. e4 c5 2. Nf3 Nc6 3. d4 cxd4 4. Nxd4 Nf6 5. Nc3 d6 6. Be2 g6 7. Be3 Bg7 8. h4
h5 9. Qd2 Bd7 10. O-O-O Rc8 11. f3 Ne5 12. Kb1 a6 13. Nd5 Nxd5 14. exd5 Nc4 15.
Bxc4 Rxc4 16. b3 Rc8 17. Rhe1 Bf6 18. Bg5 Kf8 19. Bxf6 exf6 20. Qf4 Be8 21. Re6
Kg7 22. Rxd6 Qe7 23. Rb6 f5 24. d6 Qd7 1-0

[Event "7th Parsvnath International Op"]
[Site "Modern School, Barakhamba Road"]
[Date "2009.01.12"]
[Round "3.33"]
[White "Muminova, Nafisa"]
[Black "Nitin, S."]
[Result "1/2-1/2"]
[WhiteElo "2220"]
[BlackElo "2365"]
[PlyCount "50"]
[EventDate "2009.01.11"]

1. e4 c5 2. Nf3 d6 3. d4 cxd4 4. Nxd4 Nf6 5. Nc3 a6 6. Be2 e5 7. Nb3 Be7 8. O-O
O-O 9. Be3 Be6 10. f4 exf4 11. Rxf4 Nc6 12. Nd4 Nxd4 13. Bxd4 Nd7 14. Nd5 Bg5
15. Rf2 Nc5 16. Bf3 Rc8 17. g3 b5 18. Nf4 Qe7 19. Nh5 Bh6 20. c3 Nd7 21. a4 Ne5
22. Be2 Qb7 23. Qb1 Bc4 24. Qc2 f5 25. exf5 bxa4 1/2-1/2

[Event "7th Parsvnath International Op"]
[Site "Modern School, Barakhamba Road"]
[Date "2009.01.12"]
[Round "3.34"]
[White "Fenil, Shah"]
[Black "Swapnil, S  Dhopade"]
[Result "1-0"]
[WhiteElo "2213"]
[BlackElo "2361"]
[PlyCount "59"]
[EventDate "2009.01.11"]

1. e4 c6 2. d4 d5 3. Nc3 dxe4 4. Nxe4 Nf6 5. Nxf6+ gxf6 6. Nf3 Bg4 7. c3 e6 8.
g3 Bd6 9. Bg2 Nd7 10. O-O h5 11. Qd3 Bxf3 12. Qxf3 h4 13. Bf4 Qc7 14. Bxd6 Qxd6
15. b4 hxg3 16. fxg3 Rc8 17. a4 f5 18. Rae1 Kf8 19. h3 Rh7 20. g4 fxg4 21. Qxg4
Re8 22. Rf4 Nb6 23. Ref1 Nd5 24. R1f3 Ne7 25. Rf6 Ng8 26. Rg6 Nh6 27. Qh5 Nf5
28. Qxf5 Rg7 29. Qf6 Rxg6 30. Qxf7# 1-0

[Event "7th Parsvnath International Op"]
[Site "Modern School, Barakhamba Road"]
[Date "2009.01.12"]
[Round "3.35"]
[White "Praveen Kumar, C."]
[Black "Roy, Prantik"]
[Result "1-0"]
[WhiteElo "2360"]
[BlackElo "2071"]
[PlyCount "79"]
[EventDate "2009.01.11"]

1. d4 Nf6 2. c4 e6 3. Nc3 Bb4 4. f3 c5 5. d5 d6 6. e4 O-O 7. Nge2 Re8 8. Ng3
exd5 9. cxd5 Nbd7 10. Be2 a6 11. a4 Ne5 12. O-O Bd7 13. Bg5 h6 14. Be3 Qc7 15.
Kh1 Kh7 16. f4 Ng6 17. Bd3 Bxc3 18. bxc3 Nxd5 19. Bd2 c4 20. Bc2 Nf6 21. Nh5
Nxh5 22. Qxh5 Bc6 23. f5 Ne5 24. f6 Re6 25. Rf5 Rb8 26. Raf1 Kg8 27. fxg7 Kxg7
28. Bf4 Be8 29. Qh4 b5 30. axb5 axb5 31. Qg3+ Rg6 32. Qf2 Kg8 33. Qd4 Nc6 34.
Qd2 Ne5 35. Bd1 Nd3 36. Be3 Rg7 37. Bd4 Bd7 38. Rf6 Be6 39. Qa2 Qb7 40. Qa5 1-0

[Event "7th Parsvnath International Op"]
[Site "Modern School, Barakhamba Road"]
[Date "2009.01.12"]
[Round "3.36"]
[White "Anilkumar, O T."]
[Black "Djuraev, Sokhib"]
[Result "1/2-1/2"]
[WhiteElo "2207"]
[BlackElo "2353"]
[PlyCount "106"]
[EventDate "2009.01.11"]

1. d4 d6 2. Nc3 g6 3. h4 h5 4. e4 Bg7 5. Be3 c6 6. Bc4 Nf6 7. f3 Nbd7 8. a4 d5
9. Bb3 dxe4 10. Nxe4 O-O 11. Nh3 Nxe4 12. fxe4 Nf6 13. Qd3 Bxh3 14. Rxh3 e5 15.
O-O-O exd4 16. Bxd4 Ng4 17. Bxg7 Qxd3 18. Rhxd3 Kxg7 19. Rd7 b5 20. axb5 cxb5
21. Bd5 Rae8 22. Rxa7 Nf6 23. Bc6 Re5 24. Rb7 Rc5 25. Bxb5 Nxe4 26. Rd4 Nf6 27.
Bc4 Rf5 28. b3 Ng4 29. Re7 Rc8 30. Be6 Rf1+ 31. Kb2 Rc6 32. Bxg4 hxg4 33. Rxg4
Rf2 34. g3 Rcxc2+ 35. Ka3 Rc3 36. Rb7 Rff3 37. Ka4 Kh6 38. Rgb4 Rc1 39. g4 Rh1
40. g5+ Kg7 41. Ka5 Ra1+ 42. Ra4 Re1 43. Rc4 Re5+ 44. Ka4 Re8 45. b4 Rf5 46.
Rbc7 Ra8+ 47. Kb3 Rf1 48. Rc1 Rf5 49. R7c4 Rf3+ 50. R1c3 Rf1 51. Rc8 Rb1+ 52.
Kc2 Rxc8 53. Rxc8 Rxb4 1/2-1/2

[Event "7th Parsvnath International Op"]
[Site "Modern School, Barakhamba Road"]
[Date "2009.01.12"]
[Round "3.37"]
[White "Arun, Karthik R"]
[Black "Lohana, Kapil"]
[Result "1-0"]
[WhiteElo "2348"]
[BlackElo "1988"]
[PlyCount "96"]
[EventDate "2009.01.11"]

1. e4 e5 2. Nf3 Nc6 3. Bb5 a6 4. Ba4 Nf6 5. O-O Nxe4 6. d4 b5 7. Bb3 d5 8. dxe5
Be6 9. c3 Bc5 10. Nbd2 O-O 11. Bc2 Bf5 12. Nb3 Bb6 13. Nbd4 Nxd4 14. Nxd4 Bg6
15. f3 Nc5 16. Bxg6 hxg6 17. Kh1 Qh4 18. g3 Qh3 19. Re1 Rad8 20. b3 Ne6 21. Nc6
Rd7 22. Be3 Bxe3 23. Rxe3 Nd8 24. Nb4 a5 25. Nc2 Ne6 26. a4 Rb8 27. axb5 Rxb5
28. Nd4 Nxd4 29. cxd4 c5 30. Rc1 cxd4 31. Qxd4 Rdb7 32. Qd1 Qf5 33. Kg2 g5 34.
Rcc3 R7b6 35. Rcd3 Rh6 36. g4 Qh7 37. h3 Rbb6 38. Qh1 a4 39. Qg1 axb3 40. Re2
Rb5 41. Rd4 b2 42. Rf4 b1=Q 43. Qxb1 Rxb1 44. Rd4 Rb5 45. Red2 Re6 46. Rxd5
Rxd5 47. Rxd5 f6 48. exf6 gxf6 1-0

[Event "7th Parsvnath International Op"]
[Site "Modern School, Barakhamba Road"]
[Date "2009.01.12"]
[Round "3.38"]
[White "Sai, Krishna G V"]
[Black "Shivananda, B S."]
[Result "1/2-1/2"]
[WhiteElo "2162"]
[BlackElo "2347"]
[PlyCount "49"]
[EventDate "2009.01.11"]

1. e4 Nf6 2. e5 Nd5 3. d4 d6 4. c4 Nb6 5. exd6 exd6 6. Nf3 Bg4 7. h3 Bh5 8. Be2
Be7 9. O-O O-O 10. Nc3 Nc6 11. b3 Bf6 12. Be3 Re8 13. Rc1 h6 14. c5 dxc5 15.
dxc5 Nd7 16. Nd5 Bxf3 17. Bxf3 Bg5 18. Bxg5 hxg5 19. Rc2 Nce5 20. Ne3 c6 21.
Nf5 Qc7 22. Qd6 Qd8 23. Qd1 Qc7 24. Qd6 Qd8 25. Qd1 1/2-1/2

[Event "7th Parsvnath International Op"]
[Site "Modern School, Barakhamba Road"]
[Date "2009.01.12"]
[Round "3.39"]
[White "Vul, Arkadi Eremeevich"]
[Black "Pratyusha, Bodda"]
[Result "1/2-1/2"]
[WhiteElo "2344"]
[BlackElo "1957"]
[PlyCount "88"]
[EventDate "2009.01.11"]

1. Nf3 d5 2. d4 Nf6 3. c4 c6 4. cxd5 cxd5 5. Nc3 Nc6 6. Bf4 Bf5 7. e3 e6 8. Qb3
Bb4 9. Bb5 Bxc3+ 10. Qxc3 O-O 11. O-O Ne4 12. Qa3 g5 13. Bg3 f6 14. Rfc1 Rc8
15. Bxc6 bxc6 16. Qxa7 h5 17. h4 g4 18. Nh2 Nxg3 19. fxg3 Qd6 20. Nf1 Ra8 21.
Qc5 Qxc5 22. dxc5 Rfb8 23. b3 Ra3 24. Nd2 Rba8 25. Kf2 Rxa2 26. Rxa2 Rxa2 27.
Ke2 Be4 28. b4 Rb2 29. Ra1 Bxg2 30. Ra6 d4 31. exd4 Rxb4 32. Ke3 Kf7 33. Ra8
Bd5 34. Kd3 Rb2 35. Kc3 Ra2 36. Rxa2 Bxa2 37. Kd3 Bd5 38. Nb1 f5 39. Ke3 Kf6
40. Kf4 Bc4 41. Nc3 Bb3 42. Ne2 Bd5 43. Nc3 Bb3 44. Ne2 Bd5 1/2-1/2

[Event "7th Parsvnath International Op"]
[Site "Modern School, Barakhamba Road"]
[Date "2009.01.12"]
[Round "3.40"]
[White "Avinash, Sharma"]
[Black "Ashwath, R."]
[Result "0-1"]
[WhiteElo "1943"]
[BlackElo "2312"]
[PlyCount "29"]
[EventDate "2009.01.11"]

1. g3 d5 2. Bg2 Nf6 3. d4 c6 4. c4 dxc4 5. Nf3 b5 6. a4 Bb7 7. Ne5 a6 8. O-O e6
9. Nc3 Nd5 10. Ne4 Nd7 11. f4 Be7 12. Bh3 Nxe5 13. fxe5 O-O 14. Ra3 c5 {Score
sheet not clear} 15. dxc5 0-1

[Event "7th Parsvnath International Op"]
[Site "Modern School, Barakhamba Road"]
[Date "2009.01.12"]
[Round "3.42"]
[White "Divyasri, Ch"]
[Black "Venkatesh, M R."]
[Result "0-1"]
[WhiteElo "2132"]
[BlackElo "2470"]
[PlyCount "60"]
[EventDate "2009.01.11"]

1. e4 c5 2. c3 Nf6 3. e5 Nd5 4. d4 cxd4 5. Nf3 e6 6. cxd4 d6 7. Bc4 Nb6 8. Bb3
dxe5 9. Nxe5 Nc6 10. Nxc6 bxc6 11. O-O Be7 12. Bf4 Bf6 13. Be5 O-O 14. Nc3 Ba6
15. Re1 Nd7 16. Bd6 Be7 17. Bxe7 Qxe7 18. d5 cxd5 19. Bxd5 Rab8 20. Bc6 Nc5 21.
Na4 Nd3 22. Re3 Rfd8 23. Be4 Nf4 24. Qf3 Qf6 25. g3 Nh3+ 26. Kg2 Qh6 27. Qg4
Nxf2 28. Kxf2 Rd2+ 29. Kf3 f5 30. Bxf5 exf5 0-1